| 000 | 00513nam a22001937a 4500 | ||
|---|---|---|---|
| 003 | CEME | ||
| 005 | 20210628202720.0 | ||
| 008 | 210125b xxu||||| |||| 00| 0 eng d | ||
| 020 | _a9814-12-642-X | ||
| 040 | _c. | ||
| 082 | _a530 HAL | ||
| 100 |
_aHalliday, David Resnick, Robert Krane, Kenneth Tammaro, Michael _961218 |
||
| 245 | _aPhysics: vol i and 2 student study guide | ||
| 250 | _a5TH | ||
| 260 |
_aNEW DELHI _bJOHN WILEY _c2004 |
||
| 300 | _a285 P | ||
| 650 |
_aPHYSICS _919194 |
||
| 942 |
_cBK _2ddc |
||
| 999 |
_c570744 _d570744 |
||